|
|
|
|
| LEADER |
00000naa2a2200000 4500 |
| 001 |
612449 |
| 005 |
20260422145352.0 |
| 035 |
|
|
|a (RuTPU)RU\TPU\conf\10571
|
| 035 |
|
|
|a RU\TPU\conf\10550
|
| 090 |
|
|
|a 612449
|
| 100 |
|
|
|a 20150616d2014 k y0rusy50 ca
|
| 101 |
0 |
|
|a rus
|
| 102 |
|
|
|a RU
|
| 135 |
|
|
|a drgn ---uucaa
|
| 181 |
|
0 |
|a i
|
| 182 |
|
0 |
|a b
|
| 200 |
1 |
|
|a Распределения радона в подземных водах Горного Алтая
|f В. Ю. Молоков, А. Е. Поскотинов
|g науч. рук. Е. М. Дутова
|
| 203 |
|
|
|a Текст
|c электронный
|
| 225 |
1 |
|
|a Роль воды в развитии жизни Земли и формировании ее минеральных ресурсов
|
| 300 |
|
|
|a Заглавие с титульного экрана
|
| 320 |
|
|
|a [Библиогр.: с. 90 (6 назв.)]
|
| 337 |
|
|
|a Adobe Reader
|
| 463 |
|
1 |
|0 (RuTPU)RU\TPU\conf\10372
|t Творчество юных - шаг в успешное будущее
|o материалы VII Всероссийской научной студенческой конференции с элементами научной школы имени профессора М.К. Коровина, г. Томск, 10-14 ноября 2014 г.
|f Национальный исследовательский Томский политехнический университет (ТПУ) ; под ред. А. Ю. Дмитриева
|v [С. 88-90]
|d 2014
|
| 610 |
1 |
|
|a труды учёных ТПУ
|
| 610 |
1 |
|
|a электронный ресурс
|
| 610 |
1 |
|
|a радон
|
| 610 |
1 |
|
|a воды
|
| 610 |
1 |
|
|a Горный Алтай
|
| 610 |
1 |
|
|a подземные воды
|
| 700 |
|
1 |
|a Молоков
|b В. Ю.
|c геолог
|c старший лаборант Томского политехнического университета
|f 1988-
|g Виктор Юрьевич
|3 (RuTPU)RU\TPU\pers\30419
|
| 701 |
|
1 |
|a Поскотинов
|b А. Е.
|
| 702 |
|
1 |
|a Дутова
|b Е. М.
|c гидрогеолог
|c профессор Томского политехнического университета, доктор геолого-минералогических наук
|f 1956-
|g Екатерина Матвеевна
|4 727
|
| 712 |
0 |
2 |
|a Национальный исследовательский Томский политехнический университет (ТПУ)
|b Институт природных ресурсов (ИПР)
|b Кафедра гидрогеологии, инженерной геологии и гидрогеоэкологии (ГИГЭ)
|3 (RuTPU)RU\TPU\col\18664
|
| 801 |
|
2 |
|a RU
|b 63413507
|c 20170412
|g RCR
|
| 856 |
4 |
|
|u http://www.lib.tpu.ru/fulltext/c/2015/C66/031.pdf
|
| 942 |
|
|
|c BK
|